| 000 | 00470 a2200193 4500 | ||
|---|---|---|---|
| 005 | 20260121163551.0 | ||
| 008 | 260121b |||||||| |||| 00| 0 eng d | ||
| 020 |
_a9798898486198 _c$ 140.00 |
||
| 040 | _aMAIN | ||
| 082 |
_a571.96 _bB575P |
||
| 100 | _aBlair, Mills | ||
| 245 | _aPrinciples of immunology | ||
| 260 |
_bCell Publishing _c2026 _aWyoming |
||
| 300 | _a254 | ||
| 650 | _aImmunology | ||
| 650 | _aPhysiology | ||
| 650 | _aPathology | ||
| 942 | _cBK | ||
| 999 |
_c394107 _d394107 |
||